| 000 | 01636nam a2200301Ia 4500 | ||
|---|---|---|---|
| 999 |
_c34623 _d34623 |
||
| 001 | 388 | ||
| 003 | GE_BSU | ||
| 005 | 20191022110414.0 | ||
| 008 | 181216s2009||||ge |||||||||||||| ||geo|| | ||
| 020 | _a978994140889 | ||
| 040 | _cGE_BSU | ||
| 041 | _ageo | ||
| 080 | _a37.02(038) მ-81 | ||
| 245 |
_aმოკლე საგანმანათლებლო დიდაქტიკური ლექსიკონი / _cშემდგ.: იმერი ბასილაძე, ნინო სოხაძე, მაია ახვლედიანი, ნატო დვალი ; რედ. დავით ლეკვეიშვილი. |
||
| 264 |
_aქუთაისი, _c2009. |
||
| 300 |
_a142 გვ.; _b20 სმ. |
||
| 504 | _a ბიბლიოგრ.: გვ. 141-142. | ||
| 653 | _aდიდაქტიკა | ||
| 653 | _aლექსიკონი | ||
| 653 | _aპედაგოგიკა | ||
| 700 |
_aბასილაძე, იმერი _eშემდგენელი _94917 |
||
| 700 |
_aსოხაძე, ნინო _eშემდგენელი _94525 |
||
| 700 |
_aახვლედიანი, მაია _eშემდგენელი _94524 |
||
| 700 |
_aდვალი, ნატო _eშემდგენელი _94918 |
||
| 700 |
_aლეკვეიშვილი, დავით _eრედაქტორი _94919 |
||
| 710 |
_aაკაკი წერეთლის სახელმწ. უნ-ტი, პედაგ. ფაკ-ტი, პედაგოგიკის დეპარტამენტი. _94920 |
||
| 942 |
_cBK _2udc |
||